Florida Cities With Passenger Airports - Statistics

General Stats
  • This quiz has been taken 150 times
  • The average score is 15 of 20
Answer Stats
Hint Answer % Correct
JAX Jacksonville
99%
MIA Miami
98%
MCO Orlando
95%
SFB Orlando
95%
TPA Tampa
95%
TLH Tallahassee
94%
EYW Key West
92%
FLL Fort Lauderdale
91%
RSW Fort Myers
80%
PNS Pensacola
80%
PBI West Palm Beach
78%
DAB Daytona Beach
76%
GNV Gainesville
76%
PIE St. Petersburg
75%
MLB Melbourne
71%
SRQ Sarasota
68%
PGD Punta Gorda
43%
VPS Destin
38%
UST St. Augustine
34%
ECP Panama City Beach
29%
No matching quizzes found
Score Distribution
Percent of People with Each Score
Percentile by Number Answered
Your Score History
You have not taken this quiz